Письма о добром и прекрасном: для среднего и старшего школьного возраста

Podrobná bibliografie
Hlavní autor: Лихачев Д. С. Дмитрий Сергеевич
Další autoři: Дубровская Г. А. (составитель)
Jazyk:ruština
Vydáno: Москва, Детская литература, 1989
Vydání:3-е изд.
Témata:
Médium: Kniha
KOHA link:https://koha.lib.tpu.ru/cgi-bin/koha/opac-detail.pl?biblionumber=143508

MARC

LEADER 00000nam0a2200000 4500
001 143508
005 20231101221031.0
010 |a 5080020687 
020 |a RU  |b 89-63427 
035 |a (RuTPU)RU\TPU\book\155517 
090 |a 143508 
100 |a 20080919d1989 de y0rusy5003 ca 
101 0 |a rus 
102 |a RU 
105 |a a z 000ay 
200 1 |a Письма о добром и прекрасном  |e для среднего и старшего школьного возраста  |f Д. С. Лихачев  |g сост. Г. А. Дубровская 
205 |a 3-е изд. 
210 |a Москва  |c Детская литература  |d 1989 
215 |a 237,[1] с.  |c ил.  |d 17 см 
610 1 |a Нравственное воспитание 
610 1 |a Эстетическое воспитание 
610 1 |a детская литература 
610 1 |a письма 
675 |a Р2  |z rus 
700 1 |a Лихачев  |b Д. С.  |c российский литературовед и общественный деятель  |c академик РАН  |f 1906-1999  |g Дмитрий Сергеевич  |2 stltpush  |3 (RuTPU)RU\TPU\pers\14350  |9 4743 
702 1 |a Дубровская  |b Г. А.  |4 220 
801 0 |a RU  |b RuMRKP  |c 19950417  |g psbo 
801 1 |a RU  |b 63413507  |c 20080919  |g PSBO 
801 2 |a RU  |b 63413507  |c 20080919  |g PSBO 
942 |c BK